[Event "GRE-chT 39th"]
[Site "Eretria"]
[Date "2011.07.05"]
[Round "4.2"]
[White "Papaioannou, Ioannis"]
[Black "Atalik, Suat"]
[Result "1/2-1/2"]
[WhiteElo "2592"]
[BlackElo "2619"]
[Annotator "Atalik,S"]
[PlyCount "135"]
[EventDate "2011.07.03"]
[EventType "team-swiss"]
[EventRounds "7"]
[EventCountry "GRE"]
[SourceTitle "CBM 143 Extra"]
[Source "ChessBase"]
[SourceDate "2011.08.29"]
[SourceVersion "1"]
[SourceVersionDate "2011.08.29"]
[SourceQuality "1"]
[WhiteTeam "Kavalas"]
[BlackTeam "Thessaloniki Galaxias"]
[WhiteTeamCountry "GRE"]
[BlackTeamCountry "GRE"]

{Strange draw offer before the game} {I have received} 1. d4 d5 2. Nf3 Nf6 3.
c4 c6 4. e3 Bg4 $5 {An interesting move picked up by Sokolov and Movsesian.} (
4... Bf5 5. Nc3 e6 6. Nh4 Bg6 (6... Be4 7. f3 Bg6 8. Qb3 Qc7 9. Bd2 Be7 10. g3
a6 11. Rc1 dxc4 12. Qxc4 Nbd7 13. Bg2 $14) 7. Nxg6 $5 hxg6 8. Bd3 Nbd7 9. O-O
Bd6 10. h3 dxc4 11. Bxc4 Qe7 12. e4 e5 13. d5 Nb6 14. dxc6 bxc6 15. Bb3 $14 {
is a line by the fearless Carlsen!}) (4... a6 5. Nc3 Bf5 6. Qb3 Ra7 7. cxd5
cxd5 8. Ne5 e6 9. Be2 h6 10. Bd2 Be7 11. Rc1 O-O 12. O-O Nfd7 13. Nxd7 Qxd7 14.
Na4 $16) 5. Qb3 {This prevents Black from setting up the queen on c7.} (5. Nc3
e6 6. Qb3 (6. h3 Bh5 7. Qb3 Qc7 $1 8. Nh4 Nbd7 9. g4 Bg6 10. Nxg6 hxg6 11. Bg2
Be7 12. Bd2 Nb6 13. cxd5 exd5 14. O-O-O Nc4 $132) 6... Qc7 $1 7. Ne5 Bf5 8. Be2
Nbd7 9. f4 h5 $5 $13) 5... Qb6 $1 {In this line the place for the queen is b6!}
(5... Qc7 $2 6. Ne5 Be6 7. Nc3 Nbd7 8. Nxd7 Qxd7 9. cxd5 Nxd5 10. Bc4 $16 b5
$140 $2 11. Nxb5 Rb8 12. e4 Nf6 13. Qg3 $18) 6. Nc3 Nbd7 $5 {A tricky move!} (
6... e6 7. Nh4 $1 Bh5 8. h3 Nbd7 9. g4 Bg6 10. Nxg6 hxg6 11. Bg2 $14) 7. Qxb6
$6 (7. cxd5 Qxb3 8. axb3 Nxd5 9. Nxd5 cxd5 10. Bb5 f6 $11) (7. Ne5 $1 Bf5 8.
Nxd7 Kxd7 {is enterprising!} 9. cxd5 (9. Qxb6 axb6 10. cxd5 Nxd5 11. Nxd5 cxd5
12. Bb5+ Kd8 13. Ke2 Bd7 $11) 9... Nxd5 10. Qd1 $1 {may cast doubt on Black's
strategy.}) 7... Nxb6 8. cxd5 Nbxd5 9. Nxd5 Nxd5 10. Ne5 Bh5 11. g4 (11. Bd2 f6
12. Nd3 e6 $11) 11... Bg6 12. a3 e6 13. Nxg6 (13. h4 Bd6 14. h5 Bc2 $13 {
is possible.}) 13... hxg6 14. e4 Nf6 15. f3 Be7 $1 (15... O-O-O 16. Be3 Bd6 17.
h3 $14) 16. Be3 Bd8 $1 {This splendid maneuver puts White's center under
question!} 17. g5 Nh5 18. Bc4 Bc7 19. Kf2 Ke7 20. e5 Rad8 21. Rad1 Rd7 22. Rd2
f6 $1 23. Rhd1 Rhd8 24. gxf6+ $6 (24. f4 Rf8 $1 (24... fxg5 25. f5 gxf5 (25...
Nf4 26. fxe6 Nxe6 27. Kf3 $44) 26. Bxg5+ Kf7 27. Bxd8 Bxd8 28. Kf3 g5 $44) 25.
d5 exd5 26. Bc5+ Ke8 27. e6 Rd6 $17) 24... gxf6 25. Rg1 Bxe5 {I could not have
resisted for this shot} ({but even the patient} 25... Kf7 26. exf6 Bxh2 27. Rg4
Nxf6 28. Rh4 Bc7 $17 {gives an edge.}) 26. dxe5 Rxd2+ 27. Bxd2 Rxd2+ 28. Ke3
Rxh2 $2 {the first wrong step forward} (28... Rxb2 29. Rxg6 b5 30. Rh6 fxe5 31.
Rxe6+ (31. Rxh5 bxc4) 31... Kd7 32. Rxe5 Rxh2 33. Bd3 (33. Bxb5 $2 Kd6 34. Rg5
cxb5 35. Rxb5 Nf6 $19) 33... Nf6 $17) 29. Rxg6 b5 (29... Kf7 30. Bd3) 30. Bd3
fxe5 (30... f5 31. Rh6) 31. Rh6 Rh3 {Another small inaccuracy.} (31... Rh4 32.
Kf2) (31... Rh1 $142 $1 32. Rh7+ (32. Kf2 Rh3 33. Bf1 Rh2+ 34. Kg1 Rh4 $17)
32... Kd6 33. b4 Ng3 34. Rxa7 Nf5+ 35. Kd2 Rh2+ 36. Kd1 (36. Kc3 Nd4 37. f4 Rh3
$17) 36... Nd4 37. Be4 Re2 $1 $17) 32. Be4 $1 $17 (32. Bf1 $2 Rh1 33. Bg2 Rh2
34. Kf2 Kf7 35. Kg1 Kg7 $19) 32... c5 $2 (32... Kd7 33. Rh7+ Kd6 34. Rxa7 Nf6
35. b4 Rh2 36. Kd3 Nd5 37. Ra6 Ra2 $1 $17 {has all the chances.}) 33. Rh7+ Kd6
(33... Kf6 34. Rh6+) 34. Rxa7 Nf4 35. Ra6+ Ke7 36. Ra7+ Kf6 37. Rh7 Rg3 ({
Rooks swap does not result in a forced win. Was it the best chance under the
circumstances is another question.} 37... Nd5+ 38. Ke2 Rxh7 39. Bxh7 c4 40. Bb1
Ke7 (40... Kg5 41. Be4 Kf4 42. Kd2 Kg3 43. Ke1 $132) 41. Kd2 Kd6 42. Bg6 Kc5
43. Be8 b4 44. axb4+ Kxb4 45. Bg6 Kb3 46. Kc1 Nb4 47. Bh7 $132) 38. Rh2 $1 Rg1
39. Kd2 Ke7 40. Bc6 b4 41. axb4 cxb4 42. Be4 Kd6 43. Kc2 Kc5 (43... Rg2+ 44.
Rxg2 Nxg2 45. Kd3 Kc5 46. Bb7 $11 ({or} 46. Bh7 $11)) 44. Kb3 Re1 45. Rh8 $5 ({
I was expecting more} 45. Rc2+ Kb5 46. Bc6+ Ka5 47. Kc4 Ne2 48. b3 Nd4 49. Ra2+
Kb6 50. Be4 $11) 45... Nd5 46. Rc8+ Kd6 47. Rd8+ (47. Bxd5 exd5 48. Kxb4 Rf1
49. Rd8+ Ke6 50. Re8+ Kf6 51. Kc5 d4 52. Kc4 $11 {was also possible.}) 47...
Kc7 48. Rf8 Kd6 49. Rd8+ Kc5 50. Rc8+ Kd6 (50... Kd4 51. Rc4+ (51. Rc6 $5 {
may even be simpler.}) 51... Ke3 52. Rc6 Nf6 53. Rxe6 Nxe4 54. Rxe5 Kxf3 55.
Kxb4 $11) 51. Rd8+ Ke7 52. Rb8 Kd7 53. Kc4 Rd1 (53... Rc1+ 54. Kb3 $132 (54.
Kd3) (54. Kb5 Nc7+)) 54. Kb3 Rd4 55. Rb7+ Kd6 56. Rb8 Kc7 57. Rb5 Rd2 58. Ra5
Kd6 (58... Kb6 59. Ra8 Nc7 60. Rb8+ Ka5 61. Rxb4 Rxb2+ 62. Kxb2 Kxb4 63. Kc2
Kc4 64. Kd2 Kd4 $11 {and once again Black has only a moral victory.}) 59. Ra8
Ke7 60. Ra6 Rd4 (60... Nf6 61. Rb6 Nxe4 62. fxe4 Rd3+ 63. Kxb4 Rd4+ 64. Kc3
Rxe4 65. Kd3 $11) 61. Ra7+ Kd8 62. Rb7 Kc8 {and I have left myself for a draw.}
63. Bxd5 exd5 64. Rxb4 Rd3+ 65. Kc2 Rxf3 66. Rb5 Rf2+ 67. Kd1 d4 68. Rxe5
1/2-1/2

[Event "EU-ch 2nd"]
[Site "Ohrid"]
[Date "2001.06.11"]
[Round "10"]
[White "Mchedlishvili, Mikheil"]
[Black "Atalik, Suat"]
[Result "0-1"]
[WhiteElo "2416"]
[BlackElo "2537"]
[Annotator "Atalik,S"]
[PlyCount "92"]
[EventDate "2001.06.01"]
[EventType "swiss"]
[EventRounds "13"]
[EventCountry "YUG"]
[SourceTitle "CBM 084"]
[Source "ChessBase"]
[SourceDate "2001.09.13"]
[SourceVersion "1"]
[SourceVersionDate "2001.09.13"]
[SourceQuality "1"]

1. d4 d5 2. c4 c6 3. Nf3 Nf6 4. e3 a6 $5 {Playing the game in the modern
spirit.} (4... Bf5 5. Nc3 e6 6. Nh4 {became very popular just recently.}) 5.
Bd3 {One of the critical moves in this position.} (5. Qc2 $5 {and}) (5. Nbd2 {
are the other two.}) 5... dxc4 (5... Bg4 6. Qb3 Qc7 7. Ne5 Bh5 8. cxd5 cxd5 9.
Nc3 e6 10. Bd2 Nc6 11. Rc1 Bd6 12. Nxc6 bxc6 13. Na4 {Black should be careful
about Qb6.} Bg6 $1 (13... O-O 14. Qb6 Qe7 $5 $44) 14. Bxg6 hxg6 15. Qb6 Kd7 $1
$11 {Henkin-Morozevich,Bundesliga 2000-2001.}) 6. Bxc4 b5 $6 (6... e6 7. Qe2 $1
c5 8. dxc5 {is considered to be slightly better for white.Yet a transposition
to Queens gambit accepted is still ok for black.}) 7. Bd3 c5 $6 {This looks
suspicious at first sight.} (7... e6 8. a4 b4 $14 {and black has a bad version
of these type of positions.}) 8. dxc5 Nc6 9. O-O $6 {Too tame.} (9. a3 $1 e5
10. Qc2 Qe7 11. Nc3 Qxc5 {When one has to recapture on c5 it means that
something has gone wrong.} 12. b4 $1 (12. O-O Be7 13. b4 Qb6 14. Ng5 (14. Ne4
Bb7) 14... h6 15. Nge4 Be6) 12... Qb6 13. Ne4 $40) (9. Nc3 Ra7 $5) 9... e6 $2 {
Missing some real chance to take over.} (9... Nb4 10. Be2 Qxd1 11. Bxd1 e6 12.
a4 $140 Bd7 13. Nc3 bxa4 14. Nxa4 $2 Bb5 $17) 10. a4 b4 11. e4 Nd7 $1 {Black
wants to take on c5 advantageously.} 12. Be3 $1 {I have simply neglected this
simple move in my over the board analysis,white is still better.} Bxc5 13. Qe2
O-O (13... Bxe3 14. Qxe3 Qf6 $6 15. Nbd2 $1) 14. Nbd2 Bxe3 15. Qxe3 Nce5 16.
Nxe5 Nxe5 17. Be2 a5 $14 18. f4 {White sort of weakens his pawn structure.} (
18. Nc4 $6 Nxc4 19. Bxc4 Ba6 $11) (18. Nb3 $1 Ng6 $5 $132) 18... Nd7 19. Rfd1
Ba6 20. Bxa6 Rxa6 21. Nb3 Qc7 22. Rac1 Rc6 23. e5 g6 {Actually I have
hesitated quite alot before this.Regarding what happened in the game this
looks commital.} (23... h6 $5) 24. h3 {Now both sides have lufts.} Ra8 $1 (
24... Rxc1 25. Rxc1 Qb6 26. Qf2 $1 $13) 25. Qd4 Nb6 26. Rxc6 Qxc6 27. Nc5 $6
$138 {White burns the bridges behind him.} (27. Nxa5 $2 Qd5 $1) (27. Qd6 $1 Qc2
(27... Qxa4 28. Qxb6 Qxb3 29. Rd8+ Rxd8 30. Qxd8+ Kg7 31. Qf6+ $11) (27... Qxd6
28. exd6 Nxa4 29. d7 Rd8 30. Nxa5 Nc5 31. Nc6 Rxd7 32. Rxd7 Nxd7 33. Nxb4 $14)
28. Rd2 Qxb3 29. Qxb6 Kg7 30. Kh2 $1 Qxa4 31. Rd8 Rxd8 32. Qxd8 $11) 27... Nxa4
$6 {During the game I was greedily satisfied to grab some material and I knew
that the other alternative is more to the point but sometimes with the
tournament situation you kind of like convince yourself that a risky decision
is justifiable.} (27... Qd5 $142 $15) 28. Nd7 Qc2 (28... Kg7 $2 29. f5 Rd8 (
29... Qd5 $2 30. f6+ Kg8 31. Qxd5 exd5 32. Rxd5 Rd8 33. b3 Nb2 34. Rxa5 $16)
30. f6+ (30. fxe6 Qxe6 (30... fxe6 31. Qa7 $1 $40) 31. Nc5 Rxd4 32. Nxe6+ fxe6
33. Rxd4 Nxb2 34. Kf2 $1 {After this black pawns are only virtually strong.}
Na4 $1 (34... b3 $2 35. Ke3 Na4 36. Kd2 Nc5 37. Kc3 $18) (34... a4 $2 35. Ke2
b3 36. Kd2 $18) 35. Rd7+ Kh6 36. Ke3 Nb6 37. Ra7 a4 38. Kd3 a3 39. Ra6 Nd5 40.
Kc4 Nc7 $13) 30... Kh8 31. Qd2 Rg8 {but white has the initiative,} (31... Nc5
$2 32. Qh6 Rg8 33. Nf8 $16) (31... Nxb2 $2 32. Qh6 Rg8 33. Rd4 g5 34. Nf8 Qc2
35. Nxe6 $18)) 29. f5 Kh8 $2 {The sources for black's later problems.} (29...
Qxf5 30. Qd2 $3 (30. Rf1 Qg5 31. h4 Qe7 32. Nf6+ Kg7) 30... Kg7 31. Rf1 Qe4 32.
Qf2 Qf5 33. Qe2 $13) (29... exf5 30. e6 $3 (30. Nf6+ $2 Kg7 31. e6 Qc5 32. Qxc5
Nxc5 33. e7 Kxf6 34. Rd8 Kxe7 35. Rxa8 a4 $19) 30... fxe6 31. Qd6 Qb3 32. Kh2
$40) 30. fxe6 fxe6 31. Rf1 $2 {White should try to avoid a queens at any cost.}
(31. Nf6 $2 Qc5 32. Qxc5 Nxc5 33. Rc1 Na6 34. Rc6 a4 35. Rxe6 Ra7 36. Re8+ Kg7
37. Rg8+ Kf7 38. Rh8 Nc7 39. Rxh7+ Ke6 40. Ne8 Nb5 $1 $17) (31. Qd6 $1 {
However this may win.} Qb3 32. Rf1 $18) 31... Qc7 32. Rf7 $4 {Just walking
into it!} (32. Qd2 Kg7 33. Nf6 $44) 32... Qa7 $1 $19 33. Qxa7 {The pin is
tremendous,nothing works for white.} (33. Qf2 Qxf2+ 34. Kxf2 Ra7) (33. Rf8+ Kg7
) 33... Rxa7 34. Re7 Nxb2 35. Re8+ Kg7 36. Nf6 Nc4 37. Rg8+ Kh6 $1 (37... Kf7
$6 38. Rh8 Nxe5 39. Rxh7+ Kxf6 40. Rxa7 Nc4 41. Rb7 Ke5 42. h4 Kd4 43. g4 Kc3
44. h5 gxh5 45. gxh5 b3 46. h6 Ne5 47. h7 Ng6 $11) 38. h4 Nxe5 39. g4 Nf3+ 40.
Kf2 Nxh4 $5 {There is an alternative to which is played.} (40... Rf7 41. Kxf3
Rxf6+ 42. Kg3 Rf7 $19) 41. Ne4 b3 42. Kg3 g5 43. Nxg5 (43. Rxg5 Nf5+ $1 $19)
43... Rg7 44. Nf7+ Rxf7 45. Kxh4 Rf4 $1 {Lateral pin.} 46. Kg3 Rb4 {All black
has to do is to push his pawns.} 0-1

[Event "SRB-chT"]
[Site "Ruma"]
[Date "2017.09.09"]
[Round "9.1"]
[White "Atalik, Suat"]
[Black "Drazic, Sinisa"]
[Result "1/2-1/2"]
[WhiteElo "2537"]
[BlackElo "2420"]
[Annotator "Atalik,S"]
[PlyCount "112"]
[EventDate "2017.09.01"]
[EventType "team-tourn"]
[EventRounds "11"]
[EventCountry "SRB"]
[SourceTitle "CBM 181"]
[Source "ChessBase"]
[SourceDate "2017.11.10"]
[SourceVersion "1"]
[SourceVersionDate "2017.11.10"]
[SourceQuality "1"]
[WhiteTeam "Paracin OSK"]
[BlackTeam "Novi Banovci Omladinac"]
[WhiteTeamCountry "SRB"]
[BlackTeamCountry "SRB"]

1. d4 c6 $5 2. c4 d5 3. Nf3 Nf6 4. e3 a6 $5 {Chebanenko School.} 5. Nbd2 $5 {
The knight is slightly misplaced.} g6 6. Be2 (6. Bd3 Bg7 7. O-O O-O 8. b3) 6...
Bg7 7. O-O O-O 8. b4 (8. a4 $5) (8. b3) 8... Ne4 {The most consequent looking
move.} 9. Bb2 (9. Nxe4 dxe4 10. Nd2 e5 $1) 9... Nxd2 (9... Nd7 10. Nxe4 dxe4
11. Nd2 f5 12. Nb3 $36) 10. Qxd2 (10. Nxd2 $142 $5 dxc4 11. Nxc4 Nd7 12. e4)
10... Bg4 11. cxd5 cxd5 12. Rfc1 Nd7 $5 ({After} 12... Nc6 13. b5 $6 {was my
original intention.} (13. h3 Bxf3 14. Bxf3 e6 $14) 13... axb5 14. Bxb5 Bxf3 15.
gxf3 e5 16. Bxc6 bxc6 17. dxe5 Qg5+ 18. Kh1 Qh5 19. Qd1 Rfb8 20. Bd4 Bxe5 21.
Bxe5 Qxe5 22. Rxc6 Rb2 $40) 13. h3 Bxf3 14. Bxf3 e6 {This way or another the
game peters out to be a draw.} (14... Nb6 15. Be2 Qd7 16. b5 axb5 17. Rc5 Nc4
18. Qb4 Ra4 19. Qxb5 Qxb5 20. Rxb5 $11) 15. a4 Rc8 (15... Nb6 16. Be2 Rc8 (
16... Qd7 17. b5 Rfc8 18. Rxc8+ Nxc8 19. bxa6 bxa6 20. a5 Nd6 21. Ba3 Nc4 22.
Bxc4 dxc4 23. Rc1 Rc8 24. Qe2 Qb5 25. Bc5 $14) 17. Rc5) 16. Rxc8 Qxc8 17. Be2 (
17. a5 Nf6 18. Ba3 Re8 19. b5 axb5 20. Rb1 Qc6 21. Qd3 Bf8 $11) 17... Nb6 18.
b5 Nc4 19. Qb4 (19. Bxc4 Qxc4 20. b6 $140 $2 (20. Qa5 Ra8 $11) 20... Qb3 $1 (
20... Rb8)) 19... axb5 (19... a5 20. Qb3) 20. Qxb5 Nxb2 21. Qxb2 Qa8 $1 $11 {
Not much to write home about after this exact move.} 22. a5 Rc8 23. Qb5 (23. a6
bxa6 24. Rxa6 Qb8 $11) 23... Bf8 24. Bf1 Rc2 25. Rb1 (25. Qd7 Qc8 $11) 25...
Qd8 $1 {Sinisa is ready to start his own attack.} 26. Qb3 (26. Qxb7 Qxa5 (26...
Qf6 27. f3) (26... Qh4 27. g3 Qf6 28. f4) 27. Rb2 Rc1 28. Rb1 $11) 26... Qc7
27. Rb2 (27. Qxb7 Qxa5) 27... Rc1 (27... Rc3 28. Qb6) 28. Rb1 Rc2 29. Rb2 (29.
Bd3 Rc3 30. Qb5) 29... Rxb2 30. Qxb2 Bd6 31. a6 bxa6 32. Bxa6 $11 Kg7 33. Bf1
h5 34. h4 Qd8 35. g3 g5 36. hxg5 Qxg5 37. Bg2 h4 (37... Qg4 38. Qc2) 38. gxh4
Qxh4 39. Qe2 Qh2+ 40. Kf1 Qh7 41. Qg4+ Kf8 42. e4 $1 {Since the beginning of
the game I had another central pawn push!} Qh6 43. Bf3 dxe4 44. Qxe4 Qh3+ 45.
Ke2 Qh2 46. d5 Bc5 47. Bg2 (47. dxe6 Qxf2+ 48. Kd3 $11) 47... Qg1 48. dxe6
Qxf2+ 49. Kd3 f5 (49... fxe6 $11) 50. Qe5 $1 Ke7 $1 51. Bd5 Qf1+ 52. Kc2 Qf2+
53. Kd3 Qf1+ 54. Kc2 Qf2+ 55. Kc3 Qe3+ 56. Qxe3 Bxe3 1/2-1/2

[Event "Izmir op 5th"]
[Site "Izmir"]
[Date "2006.09.12"]
[Round "3"]
[White "Atalik, Suat"]
[Black "Grigoriev, Armen"]
[Result "1-0"]
[WhiteElo "2619"]
[BlackElo "2336"]
[Annotator "Atalik,S"]
[PlyCount "39"]
[EventDate "2006.09.10"]
[EventType "swiss"]
[EventRounds "10"]
[EventCountry "TUR"]
[SourceTitle "EXT 2007"]
[Source "ChessBase"]
[SourceDate "2006.11.23"]
[SourceVersion "1"]
[SourceVersionDate "2006.11.23"]
[SourceQuality "1"]

1. d4 d5 2. c4 Bf5 $6 {Not a very recommendable line.} 3. Nc3 ({I felt like} 3.
cxd5 Bxb1 4. Qa4+ c6 5. dxc6 Nxc6 6. Rxb1 Qxd4 7. Qxd4 Nxd4 8. Nf3 Nxf3+ 9.
exf3 $14 {is to small.}) 3... e6 4. Nf3 c6 5. Qb3 Qb6 6. c5 Qxb3 (6... Qc7 7.
Bf4 Qc8 8. Nh4 $1 Ne7 9. Nxf5 $1 ({I was considering} 9. f3 Ng6 10. Nxg6 Bxg6
11. e4 $40) 9... Nxf5 10. e3 Nd7 11. Bd3 $14 {White is better according to
Alex.}) 7. axb3 Na6 {Now I have sunk into a deep tought.} {and came up with
the straightforward and stupid} 8. e4 $6 ({Strangely Alex had a game just 15
days before this one in which Ponomariov's lost brother came with the
identical moves.} 8. Bf4 f6 9. e3 Nb4 10. Kd2 (10. Ra4 Nd3+ 11. Bxd3 Bxd3 12.
Kd2 Bb5 $1 $11 {Yermolinsky-Ponomarev,Arizona 2006.}) 10... e5 11. Bg3 exd4 12.
Nxd4 Nh6 13. Na4 $14 {is what Yermo analysed to be better for White.}) (8. e3
$5 Nb4 9. Ra4 Nd3+ 10. Bxd3 Bxd3 11. Ne5 $14 {looks also playable.}) 8... Nb4
$8 (8... dxe4 $2 9. Bxa6 bxa6 10. Ne5 Ne7 11. Rxa6 $16) (8... Bxe4 $2 9. Bxa6
bxa6 10. Nxe4 dxe4 11. Ne5 $16) 9. Ra4 Nc2+ 10. Kd2 dxe4 11. g4 $1 {This is
what I was relying on but comes short with proper play to deliver a blow.} Bg6
12. Ne5 Nxd4 13. Rxd4 (13. Nxg6 $2 Nf3+) 13... Bxc5 $44 14. Rc4 $5 {I went for
a strange move order.} (14. Nxg6 hxg6 (14... Bxd4 $2 15. Nxh8) 15. Rc4 Bxf2 16.
Nxe4 Rd8+ 17. Kc2 Bd4 $14) 14... Bxf2 15. Nxg6 e3+ {Intermezzo!} 16. Ke2 hxg6
17. Ne4 O-O-O 18. Nxf2 exf2 19. Be3 Kc7 $4 {Sudden collapse by Armen!} (19...
a6 20. Bxf2 Nf6 21. h4 $14) 20. Bxa7 $16 {His resignation may seem premature
but having lost an important pawn he did not have appetite to carry on.} 1-0

[Event "Olympiad-36"]
[Site "Mallorca"]
[Date "2004.10.15"]
[Round "1"]
[White "Dreev, Alexey"]
[Black "Oms Pallisse, Josep"]
[Result "1-0"]
[WhiteElo "2698"]
[BlackElo "2508"]
[Annotator "Atlas,V"]
[PlyCount "59"]
[EventDate "2004.10.15"]
[EventType "team-swiss"]
[EventRounds "14"]
[EventCountry "ESP"]
[SourceTitle "CBM 104"]
[Source "ChessBase"]
[SourceDate "2005.01.27"]
[SourceVersion "1"]
[SourceVersionDate "2005.01.27"]
[SourceQuality "1"]
[WhiteTeam "Russia"]
[BlackTeam "Andorra"]
[WhiteTeamCountry "RUS"]
[BlackTeamCountry "AND"]

1. d4 d5 2. c4 c6 3. Nf3 Nf6 4. e3 Bg4 5. Nc3 e6 6. h3 Bh5 7. g4 Bg6 8. Ne5
Nbd7 9. h4 dxc4 10. Nxg6 hxg6 11. Bxc4 Nd5 12. g5 Bb4 13. Bd2 Qe7 14. Qf3 O-O-O
15. a3 Ba5 16. b4 Bc7 17. e4 Nxc3 18. Bxc3 Rhf8 19. O-O-O a5 20. Kc2 Nb6 21.
Bb3 axb4 22. Bxb4 Bd6 23. Qc3 Bxb4 24. axb4 Kb8 25. Qg3+ Rd6 26. h5 gxh5 27.
Rxh5 f5 $4 {A terrible blunder severely punished by White.} ({Correct was} 
27... Kc8 28. Rh7 g6 {, with some counterchances.}) 28. gxf6 $1 gxf6 (28...
Rxf6 {falls short of} 29. e5) {[%tqu "En","How to break Black's fragile
defensive construction?","Exploit the shaky position of the d6-rook.","Try to
deflect the black queen!","h5h7","A nice winning move!",5]} 29. Rh7 $1 {
[%csl Rb8,Rd6,Re7,Rf8,Gh7][%cal Gg3b8] The decisve blow! Black suffers huge
material losses.} Qd8 (29... Qxh7 {loses to} 30. Qxd6+ Kc8 31. Qxf8+) 30. Bxe6
{[%csl Rd6,Ge6,Gg3][%cal Gg3g7,Gh7d7] Black resigned, as White's threats 31.
Qg7 and 31. Rd7 cannot be parried.} 1-0

[Event "Zalaegerszeg"]
[Site "Zalaegerszeg"]
[Date "2004.04.29"]
[Round "6"]
[White "Portisch, Lajos"]
[Black "Varga, Zoltan"]
[Result "0-1"]
[WhiteElo "2573"]
[BlackElo "2564"]
[Annotator "Atlas,V"]
[PlyCount "102"]
[EventDate "2004.04.24"]
[EventType "tourn"]
[EventRounds "9"]
[EventCountry "HUN"]
[EventCategory "13"]
[SourceTitle "CBM 101"]
[Source "ChessBase"]
[SourceDate "2004.07.27"]
[SourceVersion "1"]
[SourceVersionDate "2004.07.27"]
[SourceQuality "1"]

1. Nf3 d5 2. d4 c6 3. c4 dxc4 4. e3 Be6 5. a4 Nf6 6. Na3 c5 7. Bxc4 Bxc4 8.
Nxc4 Nc6 9. O-O cxd4 10. exd4 e6 11. Bg5 Be7 12. Qb3 Nb4 13. Bxf6 gxf6 14. Ne3
Qd7 15. Rac1 O-O 16. d5 $1 {[%csl Ge3,Re6,Rf6,Rf7] A strong move, weakening
Black's kingside pawn formation and yielding White a durable initiative. Ein
starker Zug, der die schwarze Formation am Königsflügel schwächt und Weiß eine
dauerhafte Initiative einbringt.} Nxd5 ({Auf} 16... exd5 {is strongly met by
folgt stark} 17. Rcd1 Rad8 18. Rd4) 17. Rcd1 Rfd8 18. Nxd5 exd5 19. Nd4 Bc5 20.
Qf3 Bxd4 21. Rxd4 Qe6 22. Rf4 Rd6 23. Qh5 f5 24. Rxf5 Rad8 (24... Re8 {was to
be preferred. war vorzuziehen.}) 25. Re5 Qh6 26. Qg4+ Qg7 27. Qf4 Rg6 28. g3
Rg4 29. Qe3 Re4 30. Rxd5 Rxd5 31. Qxe4 Qd4 32. Qf3 b5 33. a5 Kg7 34. Re1 a6 35.
Kg2 Rd6 36. Re8 Qxb2 37. Qa8 Qc3 38. Rg8+ Kf6 39. Qf8 Qc6+ 40. Kh3 Qd5 41. Qg7+
Ke7 42. Qf8+ Kf6 43. Rg4 Qh5+ 44. Rh4 Qf5+ 45. Kg2 Qd5+ 46. f3 Qa2+ 47. Kh3
Qe6+ 48. g4 Ke5 49. Qh8+ ({The trivial Das triviale} 49. Rxh7 {would yield
White a decisive advantage. würde Weiß entscheidenden Vorteil bringen.}) 49...
Kf4 50. Rh5 $6 (50. Qc3 {was to be preferred. war vorzuziehen.}) 50... Kxf3 51.
Rf5+ $4 ({An unexplainable blunder! Essential was Ein unerklärlicher
Einsteller! Notwendig war} 51. Qc3+) {[%tqu "En","White's last move was a
terrible mistake. How would you prove it?","Exploit a bad position of the
white king.","Sacrifice your queen!","e6f5","This winning move is a nice
touch!",3,"De","Der letzte weiße Zug war ein schrecklicher Fehler. Wie würden
Sie dies nachweisen?","Schlagen Sie Kapital aus der schlechten Stellung des
weißen Königs.","Opfern Sie die Dame!","e6f5","Ebenso einfach wie hübsch!",3]}
51... Qxf5 $1 {[%csl Gd6,Gf3,Rh3][%cal Gd6h6]} (51... Qxf5 $1 {, and White
resigned in view of und Weiß gab auf im Hinblick auf} 52. gxf5 Rh6#) 0-1